| 000 | 00438nam a22001697a 4500 | ||
|---|---|---|---|
| 003 | CEME | ||
| 005 | 20210628210335.0 | ||
| 008 | 210216b xxu||||| |||| 00| 0 eng d | ||
| 040 | _c. | ||
| 082 | _a297 RAJ | ||
| 100 |
_aAmam Ibn-E-Rajab Humbli _979055 |
||
| 245 | _aJahanam kay khoafnaak manazar | ||
| 260 |
_aMULTAN _bDAR-UL-MOARF _c1995 |
||
| 300 | _a351P | ||
| 650 |
_aISLAM-JAHANAM KAY KHOAFNAAK MANAZAR _979056 |
||
| 942 |
_cBK _2ddc |
||
| 999 |
_c584123 _d584123 |
||